Statystyki dla Najpopularniejsze aplikacje w 2022

Kliknij tutaj aby rozwiązać quiz!

Ogólne statystyki

  • Ten quiz został rozwiązany 345 razy
  • Średni wynik to 6 z 9

Statystyki odpowiedzi

HintOdpowiedź% Poprawnych
ffacebook
97%
iinstagram
94%
ttiktok
94%
yyoutube
86%
ssnapchat
82%
ttwitter
63%
nnetflix
38%
sspotify
34%
vvinted
34%

Rozkład punktacji

Percentyl według liczby udzielonych odpowiedzi

Procent ludzi z każdym wynikiem

Twoja historia wyników

Nie rozwiązałeś tego quizu